| 000 | 00499nam a2200181Ia 4500 | ||
|---|---|---|---|
| 003 | LK-CoDNM | ||
| 008 | 010623t xxu||||| |||| 00| 1 sin d | ||
| 040 |
_aLK-CoDNM _dLK-CoDNM _eLK-CoDNM |
||
| 041 | _asin | ||
| 080 | _a133.52BAN | ||
| 100 |
_aBanda,M.K.U. _eed. |
||
| 245 | _aසීහුම් චකර් සංග්රහය | ||
| 246 | _aSeehum Chakya Sangrahaya | ||
| 260 |
_bModan Book Company _aNugegoda _c2509 _c1989 |
||
| 300 | _b48p., 20 cm | ||
| 650 | _aAstrology | ||
| 942 | _cBK | ||
| 999 |
_c133295 _d133295 |
||